| 000 | 00470cam a2200181ua 4500 | ||
|---|---|---|---|
| 020 | _c120.00 | ||
| 041 |
_aeng _h |
||
| 082 |
_a028.71621 _bTER/RA |
||
| 100 | _aTerman, Frederick Emmen . | ||
| 245 |
_aRadio engineers hand book / _cFrederick emmens Terman. _hTextual Documents |
||
| 250 |
_a1 / _b. |
||
| 260 |
_aLondon : _bMcGraw Hill Book Company , _c1943. |
||
| 300 | _a1019 ; . | ||
| 365 | _a120.00 | ||
| 504 | _a | ||
| 942 | _cBK | ||
| 999 |
_c7085 _d7085 |
||